Data mining: (Record no. 3741)
[ view plain ]
| 000 -LEADER | |
|---|---|
| fixed length control field | 00588nam a2200205Ia 4500 |
| 003 - CONTROL NUMBER IDENTIFIER | |
| control field | OSt |
| 005 - DATE AND TIME OF LATEST TRANSACTION | |
| control field | 20220107122733.0 |
| 008 - FIXED-LENGTH DATA ELEMENTS--GENERAL INFORMATION | |
| fixed length control field | 130318s9999 xx 000 0 und d |
| 020 ## - INTERNATIONAL STANDARD BOOK NUMBER | |
| International Standard Book Number | 8129710897 |
| 040 ## - CATALOGING SOURCE | |
| Transcribing agency | IIITM-K |
| 082 ## - DEWEY DECIMAL CLASSIFICATION NUMBER | |
| Classification number | 006.312 ROI/D;1 |
| 100 ## - MAIN ENTRY--PERSONAL NAME | |
| Personal name | Roiger, Richard J |
| 9 (RLIN) | 3725 |
| 245 ## - TITLE STATEMENT | |
| Title | Data mining: |
| Remainder of title | A tutorial based primer |
| Statement of responsibility, etc. | by Richard J Roiger; Michael W Gaetz |
| 260 ## - PUBLICATION, DISTRIBUTION, ETC. | |
| Name of publisher, distributor, etc. | Pearson Education, |
| Place of publication, distribution, etc. | New Delhi, |
| Date of publication, distribution, etc. | 2003. |
| 300 ## - PHYSICAL DESCRIPTION | |
| Extent | 374p. |
| Accompanying material | CD ROM |
| 650 ## - SUBJECT ADDED ENTRY--TOPICAL TERM | |
| Topical term or geographic name entry element | COMOUTER SCIR|NCE |
| 9 (RLIN) | 3726 |
| 650 ## - SUBJECT ADDED ENTRY--TOPICAL TERM | |
| Topical term or geographic name entry element | DATA MINING |
| 9 (RLIN) | 3727 |
| 700 ## - ADDED ENTRY--PERSONAL NAME | |
| Personal name | Geatz, Michael W |
| 9 (RLIN) | 3728 |
| 942 ## - ADDED ENTRY ELEMENTS (KOHA) | |
| Source of classification or shelving scheme | Dewey Decimal Classification |
| Koha item type | Books |
| Withdrawn status | Lost status | Source of classification or shelving scheme | Damaged status | Not for loan | Collection code | Home library | Current library | Shelving location | Date acquired | Cost, normal purchase price | Total Checkouts | Full call number | Barcode | Date last seen | Date last checked out | Price effective from | Koha item type |
|---|---|---|---|---|---|---|---|---|---|---|---|---|---|---|---|---|---|
| Dewey Decimal Classification | Data Analytics/ Big Data/ Data Mining | Kerala University of Digital Sciences, Innovation and Technology Knowledge Centre | Kerala University of Digital Sciences, Innovation and Technology Knowledge Centre | Computer Science | 08/04/2014 | 413.00 | 2 | 006.312 ROI/D;1 | 3407 | 22/11/2022 | 03/11/2022 | 08/04/2014 | Books |